Kaley Cuoco Filmography - Statistics

General Stats
  • This quiz has been taken 33 times
    6 since last reset
  • The average score is 24 of 106
Answer Stats
Type Year Name % Correct
TV Show 2007-2019 The Big Bang Theory
100%
TV Show 2002-2005 8 Simple Rules
83%
Web Series 2020-2022 The Flight Attendant
83%
TV Film 2000 Alley Cats Strike
50%
TV Show 2005-2006 Charmed
50%
Film 2011 Hop
50%
Web Mini-Series 2026 Vanished
50%
TV Show 2019 Young Sheldon
50%
TV Mini-Series 2004 10.5
33%
TV Show 2001 7th Heaven
33%
Film 2015 Alvin and the Chipmunks: The Road Chip
33%
Film 2014 A Million Ways to Die in the West
33%
Film 2014 Authors Anonymous
33%
Web Series 2023-2024 Based on a True Story
33%
Web Series 2018 Best.Worst.Weekend.Ever.
33%
TV Show 2005-2006 Bratz
33%
Film 2006 Bratz: Genie Magic
33%
Film 2006 Bratz: Passion 4 Fashion - Diamondz
33%
Film 2015 Burning Bodhi
33%
Film 1999 Can't Be Heaven
33%
TV Show 2016 Comedy Bang! Bang!
33%
TV Show 2004 Complete Savages
33%
Film 2007 Cougar Club
33%
TV Film 2004 Crimes of Fashion
33%
TV Show 2021 Curb Your Enthusiasm
33%
Film 2004 Debating Robert Lee
33%
TV Show 2000 Don't Forget Your Toothbrush
33%
TV Show 1996 Ellen
33%
TV Show 2002 First Monday
33%
TV Film 2000 Growing Up Brady
33%
Film 2017 Handsome
33%
Web Series 2019-Present Harley Quinn
33%
Film 2008 Killer Movie
33%
Web Series 2024 Kite Man: Hell Yeah!
33%
TV Show 2000-2001 Ladies Man
33%
TV Show 2016 Lip Sync Battle
33%
TV Show 2005, 2006 Loonatics Unleashed
33%
Film 2005 Lucky 13
33%
Film 2022 Meet Cute
33%
TV Film 1998 Mr. Murder
33%
TV Show 1994 My So-Called Life
33%
TV Show 1994 Northern Exposure
33%
Film 1997 Picture Perfect
33%
TV Show 2007 Prison Break
33%
TV Show 2004 Punk'd
33%
TV Film 1992 Quicksand: No Escape
33%
Film 2024 Role Play
33%
TV Show 2002 The Ellen Show
33%
TV Show 2004 The Help
33%
TV Film 2004 The Hollow
33%
Film 2011 The Last Ride
33%
Film 2022 The Man from Toronto
33%
TV Show 2002 The Nightmare Room
33%
Film 2010 The Penthouse
33%
TV Show 1998 The Tony Danza Show
33%
Film 2015 The Wedding Ringer
33%
TV Film 2007 To Be Fat like Me
33%
Film 1997 Toothless
33%
Podcast 2024 (Un)Likeminded: A Sci-Fi Audio Anthology
33%
Film 1995 Virtuosity
33%
Film 2006 Wasted
33%
Film 2016 Why Him?
33%
Film 2013 Bratz: Go to Paris the Movie
17%
Music Video 2014 Can You Do This
17%
TV Film 2012 Drew Peterson: Untouchable
17%
Web Series TBA Kansas City Star
17%
Commercial 2013 Toyota RAV4
17%
Short Film 2013 Ultimate Gamer: Diablo 3
17%
TV Documentary 2003 A Life of Laughter: Remembering John Ritter
0%
TV Special 2015 All-Star Dog Rescue Celebration
0%
TV Show 2004-2006 Brandy & Mrs. Whiskers
0%
Video Game 2006 Bratz: Forever Diamondz
0%
Video Game 2005 Bratz: Rock Angelz
0%
Web Series 2024 Celebrations with Lacey Chabert
0%
Web Special 2020, 2021 DC FanDome
0%
Documentary Series 2005 E! True Hollywood Story
0%
TV Special 2014 FOX's Cause for Paws: An All-Star Dog Celebration
0%
TV Show 2014 Hollywood Game Night
0%
TV Show 2004 Hollywood Squares
0%
TV Show 2000 Homewood P.I.
0%
TV Show 2013 Iron Chef America: The Series
0%
TV Special TBA Love Kills
0%
TV Show 2005-2008 Monster Allergy
0%
TV Special 2016 Must See TV: A Tribute to James Burrows
0%
TV Short 2001 Nathan's Choice
0%
TV Show 2005 Pet Star
0%
Commercial 2012-Present Priceline.com
0%
Commercial 2013 Proactiv
0%
TV Show 2013 Project Runway
0%
TV Show 2006 Secrets of a Small Town
0%
TV Film 2006 Separated at Worth
0%
Commercial 2021-2022 Smirnoff
0%
TV Special 2018 Stand Up to Cancer
0%
TV Documentary 2019 Star Wars Galaxy's Edge: Adventure Awaits
0%
Documentary Mini-Series 2021 Superstar
0%
Award Show 2011 Teen Choice 2011
0%
Award Show 2012 The 38th Annual People's Choice Awards
0%
Award Show 2013 The 39th Annual People's Choice Awards
0%
TV Documentary 2019 The Big Bang Theory of Everything
0%
Web Series 2020 The Cabin with Bert Kreischer
0%
TV Special 2017 The Carol Burnett 50th Anniversary
0%
TV Mini-Series 2019 The Great Travel Hack
0%
TV Special 2008 The Philanthropist
0%
Short TV Documentary 2019 Unraveling the Mystery: A Big Bang Farewell
0%
TV Special 2003 VH1 Big in 03
0%
Documentary 2007 Your Mommy Kills Animals!
0%
No matching quizzes found
Score Distribution
Percent of People with Each Score
Percentile by Number Answered
Your Score History
You have not taken this quiz since the last reset